[Event "Pamplona"]
[Site "Pamplona"]
[Date "2003.12.26"]
[Round "5"]
[White "McShane, Luke J"]
[Black "Nakamura, Hikaru"]
[Result "1/2-1/2"]
[WhiteElo "2649"]
[BlackElo "2565"]
[Annotator "McShane,L"]
[PlyCount "82"]
[EventDate "2003.12.20"]
[EventType "tourn"]
[EventRounds "7"]
[EventCountry "ESP"]
[EventCategory "15"]
[SourceTitle "CBM 099"]
[Source "ChessBase"]
[SourceDate "2004.03.30"]
[SourceVersion "1"]
[SourceVersionDate "2004.03.30"]
[SourceQuality "1"]

1. e4 c5 2. Nf3 d6 3. c3 Nf6 4. Be2 Bd7 5. Qc2 Bc6 6. d3 Nbd7 7. O-O e6 8. c4
$1 a6 9. Nc3 e5 10. a3 Be7 11. b4 b6 12. Be3 O-O 13. Nd2 Ne8 14. Bg4 Nc7 15.
Nd5 Ne6 16. Rab1 g6 17. Bh6 Re8 18. Bxe6 fxe6 19. Nxe7+ Qxe7 20. f4 Qh4 21. Bg5
Qh5 22. Rf3 exf4 23. Bxf4 e5 24. Be3 Rf8 25. Rbf1 Rxf3 26. Nxf3 h6 27. b5 Bb7
28. bxa6 Rxa6 29. Qd2 g5 (29... Kh7 30. Ng5+ hxg5 31. Rf7+ $16) (29... Kg7 30.
Qf2 g5 31. h4 g4 32. Ng5 hxg5 33. Qf5 Bc6 (33... Bc8 34. Qe6 Qg6 35. Qe7+ Kh8
$8 36. Bxg5 $18) 34. Qe6 Qg6 35. Qe7+ Kh8 36. Bxg5 (36. h5 Qxh5 37. Rf7 Ra8 38.
Bxg5 Qg6 39. Bf6+ Nxf6 40. Rxf6 Qg7 41. Qxd6 Be8 42. Rh6+ Kg8 43. Qd5+ Kf8 $11)
36... Ra8 37. Bf6+ Kg8 38. Qe6+ Qf7 (38... Kh7 39. h5 Qg8 40. Qe7+ Kh6 41. Rf5
$18) 39. Qxg4+ Kh7 40. Bg5) 30. h4 (30. Nxg5 hxg5 31. Rf5) 30... gxh4 (30... g4
31. Ne1 $1 Qxh4 (31... g3 32. Rf5 Qxh4 33. Nf3 Qe7 34. Bxh6 $18) 32. g3 $1
Qxg3+ (32... Qh5 33. Bxh6 Kh7 34. Rf5 Qxh6 35. Rf7+ Kg6 36. Qf2 Qe3 $8 37. Qxe3
Kxf7 38. Nc2 $16) 33. Ng2 Nf8 $8 34. Bxc5 $1 Kg7 35. Bxd6 Nd7 36. Qb4 $18) 31.
Bxh6 Rxa3 32. Bg5 $2 (32. Qg5+ $1 Qxg5 33. Nxg5 Rxd3 34. Rf7 Bc8 35. Kf2 Rd2+
36. Ke1) 32... h3 33. Nh4 Nf8 (33... hxg2 34. Qxg2 Kh7 35. Rf3 $16) 34. Qf2 Ne6
(34... Nh7 35. Qf5 Qe8 36. Ng6 $18) 35. Qf6 (35. Qf5 $5) 35... Bc8 36. Ng6 Ra7
37. g3 (37. Bh6 $1 $18 Qxh6 (37... h2+ 38. Kh1) (37... Ng7 38. Qd8+ Kh7 39.
Nf8+ Kh8 40. Nd7+ Kh7 41. Nf6+ $18) 38. Ne7+ Kh7 (38... Rxe7 39. Qxh6 $18) 39.
Qf7+ Qg7 (39... Ng7 40. Qg8#) 40. Qf5+ Kh8 (40... Kh6 41. Qxh3+ Kg5 42. Rf5#)
41. Qh5+ Qh7 42. Qe8+ Kg7 43. Rf7+ Kh6 44. Rxh7+ Kxh7 45. Qg6+ Kh8 46. Qg8#) (
37. Ne7+ $2 Rxe7 38. Qxe7 hxg2 39. Kxg2 Qxg5+ 40. Qxg5+ Nxg5 41. Rb1 $17) 37...
h2+ 38. Kh1 Qh3 39. Bh4 (39. Bh6 Nf4 $1 $11) (39. g4 $2 Nf4 $1) (39. Qf3 Qh7
40. Qf6 Qh3 $11) 39... Nf4 $1 $11 40. Qh8+ Kf7 41. Qf6+ (41. Rxf4+ exf4 42.
Qh7+ Ke8 (42... Ke6 43. Nxf4+ $18) 43. Qg8+ Kd7 44. Qf7+ (44. Qd8+ $4 Kc6 $19)
44... Kc6 45. Qxa7 Qf1+ 46. Kxh2 Qf2+ $11) 41... Kg8 1/2-1/2

[Event "Bundesliga 0203"]
[Site "Germany"]
[Date "2002.11.16"]
[Round "3.4"]
[White "McShane, Luke J"]
[Black "Huebner, Robert"]
[Result "1/2-1/2"]
[WhiteElo "2546"]
[BlackElo "2640"]
[Annotator "McShane,L"]
[PlyCount "101"]
[EventDate "2002.10.19"]
[EventType "team-tourn"]
[EventRounds "15"]
[EventCountry "GER"]
[SourceTitle "CBM 093"]
[Source "ChessBase"]
[SourceDate "2003.04.01"]
[SourceVersion "1"]
[SourceVersionDate "2003.04.01"]
[SourceQuality "1"]
[WhiteTeam "Werder Bremen"]
[BlackTeam "Baden Oos"]
[WhiteTeamCountry "GER"]
[BlackTeamCountry "GER"]

1. e4 c5 2. Nf3 d6 3. Bc4 Nf6 4. d3 Nc6 5. O-O a6 6. a3 {Otherwise Nc6-a5 will
exchange my bishop.} e6 7. Ba2 Be7 8. Re1 (8. Nc3 {[%cal Yc3e2,Ye2g3] is
probably too ambitious, e.g.} O-O 9. Ne2 d5 10. Ng3 {[%cal Ye4e5,Yc2c3,Yd3d4]}
dxe4 $1 {looks logical, as now the knight belongs back on the queenside.}) 8...
O-O 9. c3 e5 $6 (9... d5 10. e5 Nd7 11. Nbd2 $13) 10. h3 $6 ({Huebner pointed
out that} 10. b4 {immediately would have saved a tempo.}) 10... Be6 11. Bxe6
fxe6 12. b4 Nh5 13. Be3 (13. Nbd2 Nf4 14. Nb3) ({Alternatively, it isn't clear
that I get any benefit from a waiting move like} 13. Ra2 {anyway}) 13... Nf4
14. Bxf4 Rxf4 (14... exf4 15. Nbd2 $14) 15. Nbd2 d5 $2 {After this I get a
comfortable advantage quite easily.} ({After} 15... b5 {Heubner was worried
about something like} 16. Qb3 Qd7 17. a4 {but it seems this would have been a
lesser evil, my advantage hardly looks overwhelming after something simple like
} cxb4 18. cxb4 Rff8) 16. Qb3 b5 17. exd5 Qxd5 (17... exd5 18. Nxe5 Nxe5 19.
Rxe5 c4 20. Qc2 d4 21. dxc4) 18. c4 {An interesting way to force things.} (18.
Re3 $5) 18... Qd7 19. cxb5 axb5 20. bxc5 Bxc5 21. Qxb5 Ra5 (21... Qd5 22. Qb3
$1 (22. Qb2 Qxd3 {is less clear}) 22... Rxf3 $6 23. gxf3 (23. Qxd5 $2 Bxf2+ 24.
Kf1 exd5 25. Nxf3 Bxe1 26. Kxe1 $11) 23... Qd7 24. f4 $1 Rf8 25. Rac1) 22. Qb3
Nd4 23. Qd1 Rxa3 24. Rxa3 Bxa3 25. Rxe5 ({Alternatively,} 25. Nxe5 $16) 25...
Bb4 $1 {A good idea, trying to exchange his useless bishop for a useful knight.
} 26. g3 $1 Rf8 27. Re4 $1 $16 Nc6 28. Nc4 Bc5 29. Kg2 $6 {It was too early
for a consolidating move. I should have continued energetically} (29. Nce5 $142
$1 {Exchanging the knight while I still can.} {He reckoned that after
something like} Nxe5 30. Rxe5 Bd4 31. Re4 Bf6 {that his position would be
defensible. I think he was being a bit optimistic, and I like the look of my
winning chances here a lot more than in the game.}) 29... Qd5 30. Qd2 (30. Nce5
Nxe5 31. Rxe5 Rxf3 $5 32. Rxd5 Rxf2+ 33. Kh1 exd5 34. Qc1 $1 {when the d-pawn
will most likely fall.}) 30... Rd8 31. Qg5 (31. Nce5 $4 Qxe4 $19) 31... Qxg5
32. Nxg5 Be7 $2 (32... Rxd3 33. Nxe6 (33. Rxe6 Ne7 34. Ra6 (34. Re5 Rd5) 34...
Rd8 35. Ne6 Rc8 $14) 33... Bb4 (33... Ba7 34. Rf4 $1 h5 35. Rf8+ Kh7 36. Rc8
$18 {Black's king and minor pieces are in serious trouble.}) 34. Ne3 $14) 33.
Nxe6 Rxd3 34. Ne3 $2 (34. Nxg7 Kxg7 35. Re6 $18 {I was kicking myself after
the game when Huebner showed me this possibility.}) 34... Rd7 35. Nf5 Bf6 36.
g4 Ne7 $4 (36... Nd8) 37. Ng3 $4 (37. Nexg7 $18 {Amazing that I failed to spot
two simple tactics on the same square. This one he didn't see either, it took
someone else to show us after the game.}) 37... g6 38. g5 Bg7 39. h4 Nd5 40.
Ra4 Kf7 41. Nc5 Rc7 42. Nd3 Rc3 43. Ne1 h6 44. Ne2 Rb3 45. Ra7+ Kg8 46. Rd7 Rb2
47. Kf1 {[%csl Re1,Re2,Rf1] Ridiculous isn't it? But now I thought after
something like Nb6, Rd8+ and Nf4, when g6 might become loose. Unfortunately...}
Rd2 $1 {[%cal Yd5e3]} 48. Ra7 Rd1 49. Ra8+ Kf7 50. Ra7+ Kg8 51. Ra8+ 1/2-1/2

[Event "Barreirinhas Athenas op"]
[Site "Barreirinhas"]
[Date "2015.10.17"]
[Round "4"]
[White "Mekhitarian, Krikor Sevag"]
[Black "Quintiliano Pinto, Renato Rodrigues"]
[Result "1-0"]
[WhiteElo "2551"]
[BlackElo "2442"]
[Annotator "Mekhitarian,K"]
[PlyCount "63"]
[EventDate "2015.10.16"]
[EventType "swiss"]
[EventRounds "6"]
[EventCountry "BRA"]
[SourceTitle "CBM 170"]
[Source "ChessBase"]
[SourceDate "2016.01.15"]
[SourceVersion "1"]
[SourceVersionDate "2016.01.15"]
[SourceQuality "1"]

1. e4 c5 2. Nf3 d6 3. c3 Nf6 4. h3 g6 5. Bd3 Bg7 6. Bc2 O-O 7. d4 cxd4 8. cxd4
Nc6 9. O-O e5 10. dxe5 {At the end I played this, which I felt wasn't much,
but could be a little bit better for me if my opponent didn't play precisely.
After all his bishop on g7 is somewhat passive for now.} (10. d5 $5 {is the
most played move, and the best one as well} Nb4 11. Nc3 (11. Bb3 {is risky;
Black has to play energetically now} Nxe4 $1 12. Qe1 Nxf2 $1 13. Qxf2 (13. Qxb4
Nd3 14. Qc4 Nxc1 15. Rxc1 b5 $1 $44) 13... Nd3 14. Qe2 Nxc1 15. Rxc1 e4 16.
Qxe4 (16. Nh2 $6 {runs into the hidden:} Bxh3 $1 $17 {and Qg5+, grabbing the
c1-rook}) 16... Bxb2 17. Nbd2 (17. Nc3 Bf5 18. Qe2 Bxa1 19. Rxa1 Qf6 $6 (19...
Rc8 $1 {as pointed out by Edouard in his analysis} 20. Qd2 Re8 $5 (20... Qa5 $5
21. Ne4 Qxd2 22. Nfxd2 Rfd8 $13 {with a good endgame for Black, there's always
the strong a5-b5 advance coming at some point}) 21. Nd4 Bd7 22. Rf1 Qe7 $13)
20. Qd2 {now Rf1 and Nd4 will be strong} Rac8 (20... Bxh3 21. Rf1 Bf5 22. Nd4
$40) 21. Nd4 Bd7 $2 22. Ne4 Qe5 23. Re1 $18 {1-0 (37) Kuzubov,Y (2619)-Edouard,
R (2670) Dubai 2013}) 17... Bf5 $13) 11... Nxc2 12. Qxc2 {White has some space,
but Black will prepare ...f5 quickly, and it's not easy to evaluate what's
going on, I think Black is fine.}) (10. Nc3 $5 {I remember seeing this
position at home a long time ago, so I wanted to play this move, but couldn't
make it work} exd4 11. Nxd4 Nxe4 (11... d5 $5 {possibly equalises right away})
12. Nxc6 Nxc3 13. Nxd8 Nxd1 14. Nxf7 $1 {I couldn't evaluate correctly, at the
end White has something} Nxb2 (14... Kxf7 15. Rxd1 Be6 16. Be3 $14 {is a tiny
advantage for White, but it's something}) 15. Nxd6 Nc4 16. Bb3 $1 Bxa1 17.
Bxc4+ Kg7 18. Re1 Bd4 19. Re2 $40 {with a very bizarre position, Black is an
exchange up, but can't develop, and has to deal with Bg5-Re7+, or something
like that.}) 10... dxe5 11. Nc3 Be6 12. Be3 Qe7 13. Qe2 Rfd8 14. Rfd1 {Qb5 is
a move that could annoy Black.} Qb4 {Black tries an active idea, but it
backfires after a3!} (14... a6 $1 {I had an idea do play something like Bb3,
doubling my pawns, but taking control over d5.} 15. a3 {watching ...Qb4} (15.
Bb3 $5) 15... b5 16. Rac1 $11 {seems to be quite equal}) 15. a3 $1 Qxb2 $6 (
15... Rxd1+ $1 {was the best, to see first how White is retaking the rook} 16.
Bxd1 (16. Rxd1 $2 Qxb2 $17) (16. Qxd1 Qe7 $1 {and ...Rd8 next} (16... Qxb2 $2 {
transposes to the game -- 15...Qxb2})) 16... Qa5 (16... Qe7 17. Ba4 $36) 17.
Bc2 $13 {followed by Rd1}) 16. Na4 Rxd1+ 17. Qxd1 Qb5 18. Rb1 Qa5 (18... Qc4 $2
{had a nice refutation} 19. Bd3 Qa2 20. Rb2 Qxa3 21. Bc5 $1 $18 {not a common
way to trap a queen!}) 19. Rxb7 $6 (19. Nc5 $1 Bc4 20. Rxb7 (20. Nxb7 $5 Qxa3
21. Ba4 $1 Nd4 (21... Be2 22. Qxe2 Qxa4 23. Nc5 Qa5 24. Qc4 $36 {with a good
initiative}) 22. Nxd4 exd4 23. Bxd4 $14) 20... Rd8 21. Qc1 Nd4 22. Bd3 $1 Bxd3
23. Nxd4 Rc8 (23... exd4 $4 24. Bd2 $1 $18) 24. Ndb3 Qd8 25. f3 Bf8 {looks
good for White} 26. Qd1 Bc4 27. Qxd8 Rxd8 28. Na5 Rd1+ 29. Kf2 $16) 19... Rd8 (
19... Nd4 $5 20. Bxd4 (20. Nxd4 exd4 21. Bxd4 Rd8 {White's pieces suddenly are
hanging} 22. Rxa7 (22. Nc5 Bc8 23. Rb4 Nh5 $1 $44) 22... Qg5 $1 $132 {with
huge counterplay}) 20... exd4 21. Qxd4 Nd7 $44) 20. Bd2 Qa6 $2 {Now it becomes
very difficult for Black, after losing the e6-bishop.} (20... Bc8 $1 {was good
enough to bring the queen back to c7} 21. Rb1 Qc7 $11) 21. Nc5 $1 Qxa3 22. Nxe6
fxe6 23. Qb1 {Despite being a pawn up, Black has a lot of problems, mainly
with his kingside.} Qd6 24. Be3 Nd7 (24... h6 25. Qb5 $16) (24... Rd7 25. Ng5
Rxb7 26. Qxb7 Nd8 27. Qxa7 $16) 25. Ba4 (25. Ng5 $5 Bh6 (25... Re8 26. Ba4 $18
{piling up more pieces into the attack; a simple move like Qc2 will be decisive
}) 26. Nxe6 Bxe3 27. fxe3 Rb8 28. Ba4 $1 Na5 29. Rxb8+ Nxb8 30. Qa2 Kh8 31. Ng5
Qf6 32. Nf3 $16 {followed by Qd5, and Black's knights are quite misplaced.})
25... Nd4 26. Bg5 (26. Nxd4 $1 {I was a little bit worried about allowing the
passed pawn, but as we'll see, in some endgames, it is better to avoid Nxf3+,
doubling my pawns.} exd4 27. Bg5 {as in the game, similar to 26.Bg5} Bf6 (27...
Nc5 28. Be7 $1 Nxb7 29. Bxd6 Nxd6 30. Bb3 Re8 31. f4 $18 {should be winning})
28. Rxd7 Rxd7 29. Bxf6 $18) 26... Nc5 (26... Bf6 $5 {is not that clear,
actually} 27. Rxd7 (27. Nxd4 Qxd4 28. Rxd7 (28. Bxf6 Nxf6 29. Qb3 Qd6 30. Rxa7
$16) 28... Rxd7 29. Bxd7 Bxg5 30. Bxe6+ Kg7 31. Qb7+ Kh8 32. g3 $16) 27... Rxd7
28. Bxf6 Rf7 $1 {A tricky move, there's ...Rxf3 coming if Bg5, for example} 29.
Ng5 $1 (29. Bg5 $2 Rxf3 $1 $17) 29... Rxf6 30. Qb7 Qd8 $5 (30... Ne2+ 31. Kh2
Rxf2 32. Nxe6 $1 Rxg2+ (32... Qxe6 $2 33. Bb3 $18) 33. Kxg2 Nf4+ 34. Nxf4 Qd2+
35. Kf3 Qxf4+ 36. Ke2 {it's not over yet, but the e4-pawn survives, meaning
good winning changes for White} Qh2+ 37. Kd1 Qxh3 38. Qb8+ Kg7 39. Qxe5+ Kh6
40. Qf4+ Kg7 41. e5 $16) 31. Qxa7 $40 {and the pressure remains.}) 27. Be7 Qa6
$2 (27... Nxf3+ $5 {was the best practical chance} 28. gxf3 Nxb7 29. Bxd6 Nxd6
30. Qa2 Kf7 31. Bb3 Re8 {it's not a pretty endgame for Black, but with pawns
on the same wing, there are always chances} 32. Qa6 $1 {trying the bother the
black pieces} Bf8 33. Qxa7+ Re7 34. Qb8 Rb7 35. Bxe6+ Kxe6 36. Qxf8 Rf7 37. Qg8
Ke7 38. Qh8 Ke6 39. Qa8 $1 {should be winning, since e5 will fall, or f4 will
be played (in case Black defends with Kd7-Re7, for example)}) (27... Nxb7 28.
Bxd6 Nxd6 29. Nxd4 exd4 30. Bb3 Re8 31. f4 $18 {as in 26.Nxd4!}) 28. Rb8 $1 $18
{Now Black is losing a piece at least.} Rc8 (28... Rxb8 29. Qxb8+ Kf7 30. Qe8#)
29. Bxc5 Ne2+ 30. Kh2 Nc3 31. Bd7 $1 Nxb1 32. Bxc8 {Bxa6 and Bxe6# can't be
defended.} 1-0

[Event "Lake Sevan"]
[Site "Martuni"]
[Date "2011.07.23"]
[Round "2"]
[White "Petrosian, Tigran L"]
[Black "Zhou, Jianchao"]
[Result "1-0"]
[WhiteElo "2636"]
[BlackElo "2636"]
[Annotator "Nadanian,A"]
[PlyCount "83"]
[EventDate "2011.07.22"]
[EventType "tourn"]
[EventRounds "9"]
[EventCountry "ARM"]
[EventCategory "16"]
[SourceTitle "CBM 144"]
[Source "ChessBase"]
[SourceDate "2011.09.16"]
[SourceVersion "1"]
[SourceVersionDate "2011.09.16"]
[SourceQuality "1"]

1. e4 c5 2. Nf3 d6 3. c3 Nf6 4. h3 e6 $6 ({Black should have immediately
attack the e4-pawn with} 4... Nc6 5. Bd3 d5 $1) 5. Bd3 d5 6. e5 Nfd7 7. O-O Nc6
8. Re1 Qc7 9. Qe2 Rb8 ({Does not work} 9... f6 10. exf6 Nxf6 {because of} 11.
Bf5) ({But} 9... Be7 {is more accurate than 9...Rb8.}) 10. Bc2 b5 11. d3 {
White's plan is to bring his queenside knight to opposite side with the
Nbd2-f1-h2-g4 maneuvre and then start a typical attack on Black's king. Black
should try to develope activity on the queenside, where he has an impressive
pawn chain and a majority of pieces. Hovewer, he should push his pawns
accurate to avoid a queenside blockade (e.g. c5-c4 is met by d3-d4).} b4 $6 ({
Too direct. I think it's better to complete development with} 11... Be7 {
and 0-0 and only then think about queen-side play.}) 12. c4 $1 {A good move.
Now the pawn chain on the queenside is more or less blocked, and Black cannot
make use of his b-file and the rook's position on it.} Nb6 13. Nbd2 Be7 14. Nf1
({White continues his plan. Interestingly, the computer suggests a slightly
illogical idea:} 14. cxd5 Nxd5 (14... exd5 15. d4 c4 16. Nf1) 15. Qe4 O-O 16.
Nb3 {and evealuates it in White's favour.}) 14... O-O 15. Bf4 Bb7 16. Qe3 Rfd8
17. b3 Nd4 {The d4 square is the only point which Black can use for
counterplay.} 18. Nxd4 cxd4 19. Qg3 Nd7 $1 {Correct maneuvre. Black's knight
is either ready to jump to c5 or retreat to f8 to protect his king. Generally
speaking in such positions a knight on f8 can play an important defensive role:
he is defending the important h7-square and if nessesary can cover the
g7-point with the Ng6 manoeuvre.} 20. Bh6 {A prophylactic move against the
above-mentioned Nf8 maneuvre.} Bf8 21. Bg5 ({Another good move.} 21. Nh2 {
is premature due to} dxc4 22. bxc4 (22. dxc4 Nc5) 22... f6 23. Bf4 (23. Ng4 f5)
23... fxe5 24. Bxe5 Nxe5 25. Qxe5 Bd6 26. Qxe6+ Kh8) 21... Re8 22. Bf4 $1 {
The end of interesting three-move bishop maneuvre. What has changed? The
bishop came to its original square f4, while Black's bishop moved to f8 
(blocking his Nf8 maneuvre) and rook to e8, where it is placed more passive
than on d8.} ({If} 22. Nh2 $2 {then} f6) 22... dxc4 $6 ({An important moment.
By taking on c4 Black opens both white-colored bishops. However the opening of
White's c2-bishop is more dangerous for Black than opening of the b7-bishop
for White, since it is White who is on the attack and the additional piece
looking down on Black's king is just welcome. Black should have played} 22...
Be7 $1 {again intending to bring his knight to f8. For example} 23. Nh2 Nf8 $1
{and now White's} 24. Ng4 $2 {is meet by} Ng6 {and White is in trouble.}) 23.
dxc4 Nc5 24. Rad1 Rbd8 25. Nh2 d3 ({Zhou realizes how dangerous his opponent's
attack is and decides to sacrifice a pawn in order to exchange White's
c2-bishop and simplify the position. The alternative was} 25... Kh8 {but after}
26. Ng4 Qc6 27. f3 d3 {(otherwise it's not easy to defend against 28.Bg5 Rd7
29.Nf6!)} 28. Bb1 {(with the idea Nf2) Black faces difficulties.}) 26. Bxd3
Nxd3 27. Rxd3 Rxd3 28. Qxd3 Rd8 29. Qe2 a5 ({The attempt to prevent Rd1 by} 
29... Qa5 {is met by} 30. Rc1 {and then Rc2-d2}) 30. Rd1 Qc6 {Zhou played this
move and offered a draw, which Petrosian reasonably declined. Black's
compensation for pawn is clearly insuffitient.} 31. Nf3 Rxd1+ 32. Qxd1 Be7 33.
Qd4 $1 h5 34. Be3 $1 ({A good prophylactic move. On the impatient} 34. Qa7 $6 {
Black can get some countreplay with} g5 35. Be3 g4 36. hxg4 hxg4 37. Ne1 Qd7)
34... a4 35. Qa7 $1 {White activates his queen.} a3 36. Qb8+ Kh7 37. Kh2 $1 Kg6
$6 {In time trouble Black misses White's following tactical idea. He should
have played} (37... Qd7) 38. Qh8 $1 h4 $2 {Black defends against 39.g4, but
misses the other shot.} ({The only defence was} 38... Qc8 39. Qxc8 Bxc8 40. Nd4
Bc5 41. Nc2 {though White should still win.}) 39. Bh6 $3 Bf6 40. Nxh4+ $1 Bxh4
41. Qxg7+ Kf5 (41... Kh5 42. g4#) 42. Qg4+ {And mate on the next move.} 1-0

[Event "Belgrade RAD 30"]
[Site "Belgrade"]
[Date "1977.01.31"]
[Round "13.2"]
[White "Sax, Gyula"]
[Black "Ostojic, Predrag"]
[Result "0-1"]
[WhiteElo "2565"]
[BlackElo "2480"]
[Annotator "Primel,D"]
[PlyCount "80"]
[EventDate "1977.01.15"]
[EventType "tourn"]
[EventRounds "13"]
[EventCountry "SRB"]
[EventCategory "9"]
[SourceTitle "EXT 2018"]
[Source "ChessBase"]
[SourceDate "2017.10.13"]
[SourceVersion "1"]
[SourceVersionDate "2017.10.13"]
[SourceQuality "1"]
[TimeControl "40/9000:16/5400:0"]

1. e4 c5 2. Nf3 d6 3. d3 g6 4. g3 Bg7 5. Bg2 e5 (5... Nf6 6. O-O O-O 7. Nbd2
Nc6 8. a4 b6 9. Nc4 Bb7 10. Bd2 Qc7 11. Re1 Rab8 12. Qc1 Rfe8 13. Bf4 Rbd8 14.
h3 Qc8 15. Bh6 d5 16. exd5 Nxd5 17. Bxg7 Kxg7 18. Nce5 Nf6 19. Qf4 Nxe5 20.
Nxe5 Rd4 21. Bxb7 Qxb7 22. Qe3 Red8 23. Re2 e6 24. b3 h5 25. Rae1 Rh8 26. h4
Rc8 27. Qg5 Re8 {1/2-1/2 (27) Botvinnik,M-Petrosian,T Soviet Union 1966}) (5...
Nc6 6. O-O e5 (6... e6)) 6. O-O Ne7 7. c3 O-O $146 (7... Nbc6 8. Be3 O-O 9. Na3
b6 10. Qc1 Ba6 11. Rd1 Rc8 12. Bh6 Rc7 13. Nc4 Bc8 14. Bxg7 Kxg7 15. Ne3 f5 16.
Qd2 f4 17. Nd5 Nxd5 18. exd5 Nb8 19. Qe2 g5 20. Nd2 Rcf7 21. Be4 Nd7 22. f3 Nf6
23. g4 Bb7 24. c4 Bc8 25. Qg2 Rh8 26. h4 gxh4 27. Kf2 Kf8 28. Rh1 Rg7 29. Qh3
h5 30. Qxh4 Rhg8 31. gxh5 Nxe4+ 32. dxe4 Rg2+ 33. Ke1 Rg1+ 34. Nf1 Qxh4+ 35.
Rxh4 R8g3 36. Rh2 Rxf3 37. Rf2 {Drimer,D-Medina Garcia,A Hastings 1969 0-1}) 8.
a3 d5 $5 {Les Blancs sont ambitieux mais c'est un peu risqué car le
développement de l'aile-dame n'est pas terminé.} (8... Nbc6) 9. Nbd2 d4 10.
cxd4 cxd4 11. b4 Na6 $5 12. Bb2 {[%csl Rb2]} Bd7 $132 (12... f6 {[%cal Gc8e6]}
13. Qb3+ Kh8 14. Rac1 Bh6) 13. Nc4 Qb8 (13... f6) 14. Nfd2 Nc7 {[%cal Gc7e6]}
15. f4 (15. Rc1 $143 $6 Ne6 {[%csl Gf4]}) 15... exf4 16. Rxf4 Nb5 {[%cal Gb5c3]
} (16... Ne6) 17. Nb3 Nc3 18. Qe1 {[%cal Gb3d4]} Ba4 19. Nc5 Bc6 20. Kh1 Qd8
$17 21. Qf2 b6 22. Nb3 Ba4 23. e5 $1 Bxb3 24. Rxd4 Ncd5 25. Bxd5 Nxd5 26. Qf3
b5 27. Rxd5 Qe8 28. Nd6 $2 Bxd5 29. Qxd5 Qe6 30. Qxb5 Rad8 31. d4 Qb3 (31...
Rxd6 $1 32. exd6 Qe4+ 33. Kg1 Bxd4+ 34. Bxd4 Qxd4+ 35. Kg2 Qxa1) 32. Qe2 f6 33.
Rd1 $2 (33. Nb7 Qd5+ 34. Qg2) 33... fxe5 34. dxe5 Rf2 $1 35. Qxf2 Qxd1+ 36. Qg1
Qf3+ 37. Qg2 Qd1+ 38. Qg1 Rxd6 39. exd6 Qxg1+ 40. Kxg1 Bxb2 0-1